Datum a čas kvízu
9
Celkem bodů
Celkový počet nahraných bodů na tomto kvízu bez doplňovacích otázek.
6.
Pořadí na kvízu
Konečné umístění týmu na tomto kvízu.
Zaznamenané odpovědi
| # | Otázka | Odpověď | Body | Výsledky |
|---|---|---|---|---|
| 1. | Pražská soukromá vysoká škola... | je online | 0 | |
| 2. | Bývalý španělský král, který č... | Juan Carlos I. | 0 | |
| 3. | Minulý týden byl odhalen trail... | Bábovky | 0 | |
| 4. | Jedna z německých automobilek... | Audi | 0 | |
| 5. | Za fotbalovou Spartu budou nas... | Ladislav Krejčí | 1 | |
| 6. | Historie kulečníkových her sah... | slonovina | 1 | |
| 7. | Kulečník, nebo také biliár (z... | pool | 0 | |
| 8. | Osmička (Eight-ball) se hraje... | A | 0 | |
| 9. | Nyní vám pustíme ukázku ze ser... | karambol | 0 | |
| 10. | The Hustler, česky Hazardní hr... | Barva peněz | 0 |